Loading...
| Literature - European | 0 | 12 | 0 | 0 | 120 | 35 | 73.33 | 8 | 12 | 44.69 | 86.54 |
| Fine Arts - Painting and Sculpture | 0 | 10 | 1 | 0 | 95 | 54 | 68.00 | 5 | 9 | 35.58 | 62.50 |
| Philosophy | 0 | 10 | 2 | 1 | 90 | 30 | 80.80 | 3 | 8 | 25.39 | 60.58 |
| History - European | 0 | 9 | 0 | 2 | 90 | 12 | 73.11 | 7 | 9 | 31.13 | 56.73 |
| History - Other | 0 | 10 | 2 | 1 | 90 | 33 | 75.00 | 7 | 9 | 30.46 | 62.50 |
| Fine Arts - Classical Music | 0 | 9 | 0 | 1 | 90 | 43 | 74.00 | 4 | 9 | 28.06 | 59.62 |
| Literature - British | 0 | 9 | 1 | 0 | 85 | 15 | 50.56 | 6 | 9 | 44.59 | 64.42 |
| Science - Biology | 0 | 8 | 0 | 5 | 80 | 50 | 94.38 | 1 | 2 | 8.76 | 25.00 |
| History - American | 0 | 8 | 0 | 2 | 80 | 15 | 65.25 | 2 | 5 | 30.33 | 45.19 |
| Religion | 0 | 9 | 2 | 4 | 80 | 52 | 93.67 | 3 | 8 | 14.62 | 51.92 |
| Fine Arts - Other | 0 | 9 | 2 | 0 | 80 | 55 | 84.56 | 4 | 8 | 25.27 | 54.81 |
| Literature - World | 0 | 9 | 2 | 0 | 80 | 36 | 70.78 | 5 | 9 | 33.11 | 59.62 |
| Mythology | 0 | 8 | 1 | 1 | 75 | 33 | 75.75 | 2 | 5 | 24.59 | 42.31 |
| Literature - American | 0 | 7 | 1 | 2 | 65 | 52 | 87.29 | 2 | 6 | 20.97 | 42.31 |
| Science - Physics | 0 | 7 | 1 | 3 | 65 | 65 | 98.57 | 1 | 4 | 9.78 | 36.54 |
| Social Science | 0 | 7 | 2 | 0 | 60 | 21 | 60.29 | 5 | 6 | 24.75 | 44.23 |
| History - World | 0 | 8 | 4 | 0 | 60 | 51 | 67.13 | 4 | 8 | 29.00 | 54.81 |
| Science - Other | 0 | 5 | 0 | 2 | 50 | 30 | 93.00 | 1 | 1 | 9.06 | 19.23 |
| Science - Chemistry | 0 | 5 | 2 | 1 | 40 | 11 | 81.40 | 1 | 3 | 11.76 | 19.23 |
| Current Events | 0 | 2 | 0 | 0 | 20 | 89 | 97.00 | 1 | 1 | 18.13 | 37.50 |
| Geography | 0 | 2 | 1 | 0 | 15 | 76 | 79.50 | 1 | 2 | 16.60 | 43.75 |
| Popular Culture | 0 | 1 | 0 | 1 | 10 | 131 | 131.00 | 0 | 0 | 0.25 | 16.67 |
| Other Academic | 0 | 1 | 0 | 0 | 10 | 77 | 77.00 | 0 | 1 | 11.58 | 25.00 |